Open Data Biblioteca Nacional de Portugal


República Portuguesa: Ministério da Cultura
Biblioteca Nacional de Portugal

Catálogo da BNP: acesso por Identificadores Unívocos
Registos Bibliográficos associados ao registo de autoridade

Etiqueta de registo: 00000nam 2200025 450
001 1961593
003 http://id.bnportugal.gov.pt/bib/catbnp/1961593
100 ## $a20170505d2015 k y0pory01030103ba
101 0# $aeng$dpor
102 ## $aPT
105 ## $aa m 000yy
106 ## $ar
200 1# $aSynthetic biology approaches to shape bacteriophages towards pseudomonas aeruginosa biofilm control$fDiana Priscila Penso Pires$gorient. Joana de Azeredo, Timothy K. Lu
210 #9 $a[Braga$cs.n.],$d2015
215 ## $aXXX, 194 p.$cil.$d30 cm
328 #1 $aTese dout. Biomedical Enginnering, Escola de Engenharia, Univ. do Minho, 2015
675 ## $a60(043)$vBN$zpor$31376044
675 ## $a579.84(043)$vBN$zpor$31224994
675 ## $a578.81(043)$vBN$zpor$31320900
700 #1 $aPires,$bDiana Priscila Penso$31679869
702 #1 $aLu,$bTimothy K.$4727$31679870
702 #1 $aAzeredo,$bJoana$4727$3955812
801 #0 $aPT$bBN$gRPC
966 ## $lBN$mFGMON$sS.A. 165709 V.$x1

Etiqueta de registo: 00000nam 2200025 450
001 2264437
003 http://id.bnportugal.gov.pt/bib/catbnp/2264437
100 ## $a20260210d2022 k y0pory01030103ba
101 0# $aeng$dpor
102 ## $aPT
105 ## $aa m 000yy
106 ## $ar
200 1# $aReprogramming Pseudomonas aeruginosa$e an in depth study on phage-host interaction$fAna Catarina Ribeiro Brandão$gorient. Joana Azeredo, Rob Lavigne, Diana Priscila Pires
210 #9 $a[S.l.$cs.n.],$d2022
215 ## $aXXI, 171 p.$cil.$d30 cm
328 #1 $aTese dout. Chemical and Biological Engineering, Escola de Engenharia, Universidade do Minho, Faculty of Bioscience Engineering Arenberg Doctoral School Ku Leuven, 2022
675 ## $a577.2(043)$vBN$zpor$3342688
675 ## $a579.84(043)$vBN$zpor$31224994
700 #1 $aBrandão,$bAna Catarina Ribeiro$31984654
702 #1 $aPires,$bDiana Priscila Penso$4727$31679869
702 #1 $aLavigne,$bRob$4727$31984658
702 #1 $aAzeredo,$bJoana$4727$3955812
801 #0 $aPT$bBN$gRPC
966 ## $lBN$mFGMON$sS.A. 193067 V.$x1
971 ## $corlando$d20260210
972 ## $e0$z0$d20260216$vasantos
973 ## $cigoulao$d20260211
975 ## $e0$d20260219$viquintas

OpendataBNP@bnportugal.pt | Mais informação sobre acesso aos dados BNP